00318nam a2200145Ia 450000100060000000800410000602000180004704000130006508200160007810000190009424500320011326000090014530000110015454600070016514470140402s9999 xx 000 0 und d a0-13-977166-2 cPK-LaUMT a 613bLUC-Y aLuckmann, Joan aYour healthcLuckmann, Joan c1990 a584 p. aEN